Statistics for Neutral Countries Quiz

Click here to take the quiz!

General Stats

  • This quiz has been taken 45 times
  • The average score is 9 of 19

Answer Stats

Period(s) of NeutralityCountry% Correct
1815-presentSwitzerland
100%
1814-1918, 1919-presentSweden
86%
1935-1939, 1956-presentFinland
79%
1920-1938, 1955-presentAustria
60%
1868-presentLiechtenstein
60%
1929-presentVatican City
60%
1939-presentIreland
50%
1947-presentJapan
50%
1949-presentCosta Rica
48%
1980-presentMalta
48%
1989-presentPanama
45%
1965-presentSingapore
43%
1914-1918, 2015-presentMongolia
40%
1930-presentMexico
36%
1994-presentMoldova
26%
2007-presentSerbia
26%
1995-presentTurkmenistan
21%
2012-presentUzbekistan
14%
2009-presentRwanda
7%

Score Distribution

Percentile by Number Answered

Percent of People with Each Score

Your Score History

You have not taken this quiz